| 000 | 00695nam a2200217 a 4500 | ||
|---|---|---|---|
| 001 | 12817 | ||
| 003 | BD-JhCC | ||
| 005 | 20230709110203.0 | ||
| 008 | 230515s20222020b |||| |||| 000 0 b d | ||
| 020 | _a9789848047163 | ||
| 035 | _a(BD-JhCC)12817 | ||
| 040 |
_aBD-JhCC _dBD-JhCC |
||
| 041 | _aben | ||
| 082 |
_a891.4435 _bISL 2022 |
||
| 100 | _aইসলাম, মেজর এস এম সাইদুল | ||
| 245 |
_aজলপাই রঙ্গ / _cমেজর এস এম সাইদুল ইসলাম |
||
| 260 |
_aঢাকা : _bস্বরে অ, _c২০২২ |
||
| 300 |
_a৯৩ পৃ. : _c২১ সেমি. |
||
| 650 | _aBangal Short story | ||
| 942 |
_2ddc _cBK |
||
| 999 |
_c12817 _d12817 |
||